000 01024nam0a22002771 4500
001 rc\33086
005 20250620153518.0
010 _a5-88294-024-9
_925000
035 _a(NLR Aleph) 005317658
090 _a6453805
_c6453805
100 _a20021216d1994 |||y0rusy50 ca
101 0 _arus
102 _aRU
105 _aa |||||||||
200 1 _aИсцеляющие продукты
_eЭнцикл. натур. питания
_eПер. с англ.
_f[П. Хаусман, Д.Б. Харлей]
210 _aЧелябинск
_cНВП "Пластик-информ"
_d1994
215 _aXIV, 449 с.
_cил.
_d28
300 _aНа пер. авт.: П. Хаусман, Дж.Б. Харлей
320 _aПредм. указ.: с. 448-449
320 _aПеревод изд.: The healing foods / By Patricia Hausman, Judith Benn Hurley (Emmaus, Penn.)
701 1 _aХаусман
_bП.
_gПатриция
801 0 _aRU
_bNLR
_gpsbo
801 1 _aRU
_bELAR
_2rusmarc
852 _aNLR
_j95-7/618
942 _cBOOK
980 _aNB